| 000 | 00879cam a22002411 4500 | ||
|---|---|---|---|
| 001 | BD-DhSAU 8048 | ||
| 003 | BD-DhSAU | ||
| 005 | 20150530163744.0 | ||
| 008 | 800319s1966 enkafk b 000 0 eng | ||
| 040 | _aBD-DhSAU | ||
| 082 |
_a636.082 _222 _bMAB |
||
| 100 | 1 | _aMahadevan, Pararajasingham. | |
| 245 | 1 | 0 |
_aBreeding for milk production in tropical cattle / _cby P. Mahadevan. |
| 260 |
_aFarnham Royal : _bCommonwealth Agricultural Bureaux , _c1966. |
||
| 300 |
_aix, 154 p.: _bill. ; _c22 cm. |
||
| 490 | 1 |
_aTechnical communication of the Commonwealth Bureau of Animal Breeding and Genetics, Edinburgh, _vno. 17 |
|
| 504 | _aBibliography: p. 141-154. | ||
| 590 | _aimran | ||
| 650 | 0 |
_aDairy cattle _xBreeding _zTropics. |
|
| 650 | 0 | _aMilk yield. | |
| 810 | 2 |
_aCommonwealth Bureau of Animal Breeding and Genetics. _tTechnical communication ; _vno. 17. |
|
| 942 |
_2ddc _cBOOK |
||
| 999 |
_c8048 _d8048 |
||